Normal view
MARC view
Entry Personal Name
001 - CONTROL NUMBER
- control field: 15807
003 - CONTROL NUMBER IDENTIFIER
- control field: OSt
005 - DATE AND TIME OF LATEST TRANSACTION
- control field: 20191129142258.0
008 - FIXED-LENGTH DATA ELEMENTS
- fixed length control field: 191129|| aca||aabn | a|a d
040 ## - CATALOGING SOURCE
- Original cataloging agency: OSt
- Transcribing agency: OSt
100 ## - HEADING--PERSONAL NAME
- Personal name: Kibuishi, Kazu.
670 ## - SOURCE DATA FOUND
- Source citation: Work cat.: (OSt): Kibuishi, Kazu., Amulet: the stonekeeper's curse (Book 2) /, 2009.